<?xml version="1.0" encoding="UTF-8"?>
<record
    xmlns:xsi="http://www.w3.org/2001/XMLSchema-instance"
    xsi:schemaLocation="http://www.loc.gov/MARC21/slim http://www.loc.gov/standards/marcxml/schema/MARC21slim.xsd"
    xmlns="http://www.loc.gov/MARC21/slim">

  <leader>01269nam a2200169Ia 4500</leader>
  <controlfield tag="005">20250721200114.0</controlfield>
  <controlfield tag="008">250721s9999    xx            000 0 und d</controlfield>
  <datafield tag="020" ind1=" " ind2=" ">
    <subfield code="a">9780300103731</subfield>
  </datafield>
  <datafield tag="082" ind1=" " ind2=" ">
    <subfield code="a">940.535125</subfield>
    <subfield code="b">SNO</subfield>
  </datafield>
  <datafield tag="100" ind1=" " ind2=" ">
    <subfield code="a">Snow, Philip</subfield>
  </datafield>
  <datafield tag="245" ind1=" " ind2="4">
    <subfield code="a">The Fall of Hong Kong</subfield>
  </datafield>
  <datafield tag="260" ind1=" " ind2=" ">
    <subfield code="b">Yale University Press</subfield>
    <subfield code="c">2003</subfield>
  </datafield>
  <datafield tag="300" ind1=" " ind2=" ">
    <subfield code="a">530 pages</subfield>
  </datafield>
  <datafield tag="500" ind1=" " ind2=" ">
    <subfield code="a">The definitive account of the wartime history of Hong Kong On Christmas Day 1941 the Japanese captured Hong Kong, and Britain lost control of its Chinese colony for almost four years, a turning point in the process by which the British were to be expelled from the colony and from East Asia. This book unravels for the first time the dramatic story of the Japanese occupation and reinterprets the subsequent evolution of Hong Kong. "Magnificent. . . . The clarity of mind Snow brings to his labor of storytelling and contextualizing is] amazing."--John Lanchester, Daily Telegraph "Beautifully written, with many telling anecdotes."--Lawrence D. Freedman, Foreign Affairs "Very good. . . . Provides] a much more nuanced picture than has appeared before in English of life among Hong Kong's different communities before and during the Japanese occupation."--Economist</subfield>
  </datafield>
  <datafield tag="650" ind1=" " ind2=" ">
    <subfield code="a">History</subfield>
  </datafield>
  <datafield tag="942" ind1=" " ind2=" ">
    <subfield code="c">ENGLISH</subfield>
  </datafield>
  <datafield tag="999" ind1=" " ind2=" ">
    <subfield code="c">576842</subfield>
    <subfield code="d">576842</subfield>
  </datafield>
  <datafield tag="952" ind1=" " ind2=" ">
    <subfield code="0">0</subfield>
    <subfield code="1">0</subfield>
    <subfield code="4">0</subfield>
    <subfield code="7">0</subfield>
    <subfield code="a">ACL</subfield>
    <subfield code="b">ACL</subfield>
    <subfield code="c">7B</subfield>
    <subfield code="d">2025-07-21</subfield>
    <subfield code="l">0</subfield>
    <subfield code="o">940.535125 SNO</subfield>
    <subfield code="p">123504</subfield>
    <subfield code="r">2025-07-21 20:01:14</subfield>
    <subfield code="w">2025-07-21</subfield>
    <subfield code="y">ENGLISH</subfield>
  </datafield>
</record>
